[Event "EU-ch Seniors 65 19th"]
[Site "Rhodes"]
[Date "2019.04.13"]
[Round "8"]
[White "Nielsen, Peter Damgaard"]
[Black "Webster, Jim J"]
[Result "1/2-1/2"]
[WhiteElo "1700"]
[BlackElo "1773"]
[PlyCount "84"]
[EventDate "2019.04.06"]
[EventType "swiss"]
[EventRounds "9"]
[EventCountry "GRE"]
[SourceTitle "CBM 189 Extra"]
[Source "ChessBase"]
[SourceDate "2019.06.03"]
[SourceVersion "1"]
[SourceVersionDate "2019.06.03"]
[SourceQuality "1"]

1. e4 c5 2. d4 cxd4 3. c3 d3 4. Bxd3 Nc6 5. Nf3 g6 6. c4 Bg7 7. Nc3 d6 8. h3 Nf6 9. 0-0 0-0 10. Be3 Bd7 11. Rc1 Be6 12. b3 Nd7 13. Bb1 Nc5 14. Bxc5 dxc5 15. Qe2 Re8 16. Rfd1 Qa5 17. Qe3 Bd4 18. Qe1 Rad8 19. Nb5 Bg7 20. Qxa5 Nxa5 21. Nc7 Rxd1+ 22. Rxd1 Rc8 23. Nxe6 fxe6 24. Rd7 Kf7 25. e5 Ke8 26. Rd1 Nc6 27. Be4 b6 28. Bxc6+ Rxc6 29. Kf1 h6 30. Ke2 a6 31. a4 Rc7 32. Ke3 Rb7 33. Ke4 b5 34. cxb5 axb5 35. axb5 Rxb5 36. Rd3 Rb4+ 37. Ke3 c4 38. bxc4 Rxc4 39. g4 Rc5 40. Ke4 Rc4+ 41. Rd4 Rc2 42. Ke3 Rc3+ 1/2-1/2